Countries With The Most Polar Night - Statistics

General Stats
  • This quiz has been taken 38 times
  • The average score is 8 of 8
Answer Stats
Rank Country % Correct
4 Canada
100%
1 Norway
100%
8 Denmark
97%
3 Iceland
97%
2 United States
97%
7 Russia
94%
6 Sweden
94%
5 Finland
92%
No matching quizzes found
Score Distribution
Percent of People with Each Score
Percentile by Number Answered
Your Score History
You have not taken this quiz